Sports Quiz

Random Sports or MLB Quiz

Rangers of the 2010s Quiz Stats

 Plays Quiz not verified by Sporcle

Challenge
Share
Tweet
Embed
Score 0/50 Timer 10:00
0 Plays Today
Primary Position Player % Correct
SSElvis Andrus
100%
2BIan Kinsler
100%
3BAdrian Beltre
97.1%
CFEngel Beltre
97.1%
1BMitch Moreland
91.4%
RFNelson Cruz
88.6%
3BMichael Young
88.6%
CMike Napoli
85.7%
LFJosh Hamilton
82.9%
CFCraig Gentry
74.3%
1BChris Davis
71.4%
2BJurickson Profar
71.4%
LFDavid Murphy
68.6%
CGeovany Soto
65.7%
DHVladimir Guerrero
62.9%
CFLeonys Martin
62.9%
CFJulio Borbon
57.1%
CBengie Molina
54.3%
DHLance Berkman
48.6%
CA.J. Pierzynski
48.6%
CTaylor Teagarden
42.9%
CYorvit Torrealba
42.9%
RFAlex Rios
42.9%
CJarrod Saltalamacchia
40%
CMatt Treanor
34.3%
Primary Position Player % Correct
CLuis Martinez
34.3%
CMax Ramirez
31.4%
3BAlberto Gonzalez
31.4%
1BJustin Smoak
28.6%
CFEndy Chavez
28.6%
1BJorge Cantu
25.7%
1BJeff Baker
25.7%
2BAndres Blanco
22.9%
1BRobinson Chirinos
22.9%
2BLeury Garcia
22.9%
RFJeff Francoeur
20%
DHEsteban German
20%
1BMike Olt
20%
1BAdam Rosales
20%
2BJoaquin Arias
17.1%
SSLuis Hernandez
17.1%
2BCristian Guzman
14.3%
SSOmar Quintanilla
14.3%
LFJim Adduci
14.3%
2BAlex Cora
11.4%
RFBrandon Boggs
8.6%
1BBrandon Snyder
8.6%
1BChris McGuiness
8.6%
1BRyan Garko
5.7%
LFJoey Butler
5.7%

You're not logged in!

Compare scores with friends on all Sporcle quizzes.
Join for Free
OR
Log In

You Might Also Like...

Show Comments

Extras

Top Quizzes Today


Score Distribution

Your Account Isn't Verified!

In order to create a playlist on Sporcle, you need to verify the email address you used during registration. Go to your Sporcle Settings to finish the process.

Report this User

Report this user for behavior that violates our Community Guidelines.

Details: